Sporcle Badges IV (Slideshow) Quiz Stats

 Plays Quiz not verified by Sporcle

Score 0/50 Timer 08:00
0 Plays Today
% Correct
Sweater Weather
87.2%
A Festivus for the Rest of Us
85.1%
Pixar Perfect
81.9%
Page Turner
81.9%
Diva Nation
77.7%
Superhero Showdown
75.5%
Friday the 13th
75.5%
Badge-ly Drawn
73.4%
Picturebox Schmicturebox
72.3%
Beatlemania
72.3%
Auld Lang Syne
71.3%
Frantic February
71.3%
Stir Friday
70.2%
Badge-san
70.2%
That's No Moon
69.1%
Bikini Bottom
69.1%
EGOT
69.1%
That '70s Badge
69.1%
Go Green
68.1%
H2Oh-Em-Gee
67%
Quotent Quotables
67%
The Night Owl
66%
El Badgerino
64.9%
Art Vandelay
64.9%
January Jamboree
63.8%
% Correct
Totally '80s
63.8%
Last One Standing
63.8%
Slideshow Schmideshow
62.8%
Wilt Chamberlain
61.7%
Reality Bites
61.7%
Biology Buff
61.7%
Forever Young
60.6%
Level Up
60.6%
First Folio
59.6%
Jam Session
58.5%
Math 'N Stuff
57.4%
The Empire Strikes Back
57.4%
Lunch Break
56.4%
Criteria Collection
56.4%
Call of the Wild
55.3%
Space Invader
45.7%
Joke's On You
44.7%
Fun Supply
42.6%
Map Schmap
42.6%
The Year of the Badge
40.4%
Le Badge
40.4%
Mission to March
39.4%
April Adventure
36.2%
Minefield Monday
34%
Getting Warmer
31.9%

You're not logged in!

Compare scores with friends on all Sporcle quizzes.
OR
Log In

Sporcle TV

Today on Sporcle TV


Watch our educational content, quiz creation guides, and fun videos on Sporcle TV.

Show Comments

Extras

Top Quizzes Today


Score Distribution

Your Account Isn't Verified!

In order to create a playlist on Sporcle, you need to verify the email address you used during registration. Go to your Sporcle Settings to finish the process.

Report this User

Report this user for behavior that violates our Community Guidelines.

Details: